000 02201cam a22002895i 4500
001 18772125
003 EG-ScBUE
005 20230103105059.0
008 150904s2016 maua f 000 0 eng d
020 _a9781631590689
040 _aDLC
_beng
_erda
_cDLC
_dEG-ScBUE
082 0 4 _a741.2
_222
_bLAW
100 1 _aLawlor, Veronica,
_eauthor.
_939837
245 1 4 _aThe urban sketching handbook :
_breportage and documentary drawing : tips and techniques for drawing on location /
_cVeronica Lawlor.
264 1 _aBeverly :
_bQuarto Knows,
_c2016.
300 _a112 pages :
_billustrations ;
_c21 cm.
336 _2rdacontent
_atext
_btxt
337 _2rdamedia
_aunmediated
_bn
338 _2rdacarrier
_avolume
_bnc
490 0 _aUrban sketching handbooks
520 _a"Develop your own creative approach, no matter what your skill level with The Urban Sketching Handbook: Reportage and Documentary Drawing.The third volume in The Urban Sketching Handbook series, Reportage and Documentary Drawing, is about drawing as a form of journalism or documenting life. This includes drawings events such as parades, music performances, sporting events, speeches, and can include everything from newsworthy political events to simply documenting a day's adventures. It's about being attentive to your surroundings, and telling that story through your sketches.Artist Veronica Lawlor explains how to use art to find and tell the stories around you. From visual journalism to simply sharing your emotional experience of a place, a reportage illustrator has something to say to their audience. Just as there are all types of written stories to be told, mystery, horror, romance - this volume of The Urban Sketching Handbook series reminds artists, sketchers, doodlers, and illustrators that there are all types of visual stories waiting to be told. And the next step is to go out and tell them!Some of the key concepts explored in this volume are:- Observation- Context- History- Ritual- Understanding- Storytelling- Drama- Documentation"--
650 7 _aDrawing
_xTechnique.
_2BUEsh
_937954
650 7 _aNarrative art.
_2BUEsh
_939839
653 _bCOMAME
_cApril2016
655 _vReading book
942 _2ddc
_cBB
999 _c21640
_d21612